000 01141nam a2200289 a 4500
001 ebr10459611
003 CaPaEBR
006 m u
007 cr cn|||||||||
008 110426s2007 enk s 001 0 eng d
020 _z9781905539284
020 _z9781907830280 (e-book)
040 _aCaPaEBR
_cCaPaEBR
035 _a(OCoLC)666937314
050 1 4 _aRC776.O3
_bM36 2007eb
245 0 4 _aThe management of COPD in primary and secondary care
_h[electronic resource] :
_ban introduction /
_cedited by Dave Lynes.
260 _aKeswick [England] :
_bM&K Update,
_c2007.
300 _aviii, 192 p.
500 _aIncludes index.
533 _aElectronic reproduction.
_bPalo Alto, Calif. :
_cebrary,
_d2011.
_nAvailable via World Wide Web.
_nAccess may be limited to ebrary affiliated libraries.
650 0 _aLungs
_xDiseases, Obstructive.
650 0 _aLungs
_xDiseases, Obstructive
_xTreatment.
655 7 _aElectronic books.
_2local
700 1 _aLynes, Dave.
710 2 _aebrary, Inc.
856 4 0 _uhttp://site.ebrary.com/lib/rucke/Doc?id=10459611
_zAn electronic book accessible through the World Wide Web; click to view
999 _c229379
_d229379